Revisión y propuesta de mejoramiento del sistema de inspección de obra nueva menor y sus obras complementarias por parte del Ministerio de Educación Pública
Zapisane w:
| 1. autor: | |
|---|---|
| Format: | Książka |
| Wydane: |
[San José], Costa Rica
2010
|
| Hasła przedmiotowe: | |
| Etykiety: |
Dodaj etykietę
Nie ma etykietki, Dołącz pierwszą etykiete!
|
MARC
| LEADER | 00000nam a2200000Ia 4500 | ||
|---|---|---|---|
| 003 | 001653 | ||
| 005 | 20221231144037.0 | ||
| 008 | 140114s2010 cr a 000 ||s d | ||
| 040 | |c cru CEDI | ||
| 090 | |a TFG 6161 | ||
| 100 | |a Asenjo Ulett, Juan Gabriel |9 3079 | ||
| 245 | |a Revisión y propuesta de mejoramiento del sistema de inspección de obra nueva menor y sus obras complementarias por parte del Ministerio de Educación Pública | ||
| 260 | |c 2010 |b [San José], Costa Rica | ||
| 500 | |a Proyecto de graduación (licenciatura en ingeniería civil)--Universidad de Costa Rica. Facultad de Ingeniería. Escuela de Ingeniería Civil | ||
| 650 | |x CONSTRUCCION |x INSPECCION |x CONTRATOS Y ESPECIFICACIONES |x CONTROL DE CALIDAD |x COLUMNAS DE HORMIGON |x LAMINAS DE ASBESTO CEMENTO |x CONSTRUCCIONES PREFABRICADAS |9 3080 | ||
| 942 | |c TFG | ||
| 999 | |c 16054 |d 16054 | ||
